| 000 | 00490ntaaa2200181 4500 | ||
|---|---|---|---|
| 003 | 01 | ||
| 005 | 20251027202457.0 | ||
| 008 | 0714s1973 ag 01 | ||
| 040 |
_aAR-BaBN _bspa _cAR-BaBN _eaacr _dRIC |
||
| 082 | _a200.2000 Yo8 | ||
| 100 |
_aYoung, Robert _99802 |
||
| 245 | _aAnalytical Concordance to the Holy Bible | ||
| 250 | _a8 ed. | ||
| 260 |
_as/d : _bUnited Society for Christian Literature, _c1956 |
||
| 300 | _a1183 p. | ||
| 500 | _aEighth Edition, sixth impression | ||
| 942 | _cBK | ||
| 999 |
_c19809 _d19809 |
||